| 000 | 006670000a22002050004500 | ||
|---|---|---|---|
| 090 |
_aAR _b00442 |
||
| 245 | 1 | 0 | _aEcology, distribution, harvest and conservation of the amazonian Manatee Trichechus inunguis in Ecuador |
| 650 | 1 | 4 |
_aMamíferos acuáticos _993274 |
| 650 | 1 | 4 |
_aDistribución geográfica _992997 |
| 650 | 1 | 4 |
_aUso de fauna _920626 |
| 650 | 1 | 4 |
_aIndígenas _993177 |
| 651 | 4 |
_pEcuador _992749 |
|
| 653 |
_gTrichechus _eTrichechus inunguis |
||
| 041 | 0 | _aInglés | |
| 700 | 1 |
_aAlbuja Viteri, Luis _99658 |
|
| 700 | 1 |
_aClauson, Barbara L. _993411 |
|
| 100 | 1 |
_aTimm, Robert M. _993403 |
|
| 942 | _cARTICULO | ||
| 773 | 1 |
_tBiotropica _39 _h2 _q150-156 _d1986 _g18 |
|
| 999 |
_c9538 _d9538 |
||